00626nam a2200181 a 450000100060000000300090000600800410001502000140005604000280007008200190009811000430011724500840016026000560024430000210030049000330032165000410035465000490039512814CO-ViMGA141112s2004 ck r 000 u spa d a958968236 aCO-ViMGAbspacCO-ViMGA04a370.19346 J173 aJardín Botanico Jose Celestino Mutis10aCuentos Verdes : bExperiencias de Arborización con participación ciudadana aSantafé de Bogotá : bJardín Botanico, c2000 a212p. : il color aPor la Bogotá que queremos14aARBORIZACION - CRONICAS Y REPORTAJES14aeducación AMBIENTAL - CRONICA Y REPORTAJES